000 01134nam a2200241 a 4500
001 000025060
005 20200930023534.0
008 110209s1997 mx ab r 000 0 spa d
020 _a9682999154
040 _aDO-SdBNP
_bspa
_cBNPHU
082 _axxxxx
_bR959a
100 1 _aRussel Wallace, Alfred
_951420
245 1 0 _aArchipiélago malayo :
_btierra del orangután y del ave del paraíso, una narración de viajes con estudios del hombre y de la naturaleza /
_cAlfred Russel Wallace ; traducción Isabel Vericat ; prólogo Hugo Diego Blanco.
260 _aMéxico, D. F. :
_bConsejo Nacional para la Cultura y las Artes,
_c1997.
300 _a655 p. :
_bil., mapas. ;
_c21 cm.
490 1 _aCien obras imprescindibles para el conocimiento de la cultura universal
500 _aIncluye referencia biográfica del autor en la contracubierta.
504 _aIncluye referencias bibliográficas y notas al pie de las páginas.
700 1 _aVericat, Isabel,
_etr.
_944426
700 1 _aDiego Blanco, Hugo,
_epról.
_951421
830 0 _aCien obras imprescindibles para el conocimiento de la cultura universal
_951422
049 _aBNGR
999 _c24553
_d24553